Composite culture and Indian society problems and prospects of integration (Record no. 1381998)

MARC details
000 -LEADER
fixed length control field 00581nam a2200181Ia 4500
005 - DATE AND TIME OF LATEST TRANSACTION
control field 20250508163259.0
008 - FIXED-LENGTH DATA ELEMENTS--GENERAL INFORMATION
fixed length control field 008 250505s9999 xx 000 0 eng d
037 ## - SOURCE OF ACQUISITION
Stock number Textual
040 ## - CATALOGING SOURCE
Original cataloging agency FEDL
Language of cataloging eng
Transcribing agency FEDL
041 ## - LANGUAGE CODE
Language code of text/sound track or separate title eng
Source of code eng
084 ## - COLON CLASSIFICATION NUMBER
Classification number 320.954, RAD
Assigning agency FEDL
100 ## - MAIN ENTRY--PERSONAL NAME
Personal name Radhey Mohan Ed.
9 (RLIN) 133615
245 #0 - TITLE STATEMENT
Title Composite culture and Indian society problems and prospects of integration
260 ## - PUBLICATION, DISTRIBUTION, ETC.
Place of publication, distribution, etc. New Delhi, India
Name of publisher, distributor, etc. Zakir Husain Educational and Cultural Foundation
300 ## - PHYSICAL DESCRIPTION
Extent xx,244p
942 ## - ADDED ENTRY ELEMENTS (KOHA)
Koha item type Textual
Classification part 320.954, RAD
Holdings
Withdrawn status Lost status Damaged status Not for loan Home library Current library Date acquired Total Checkouts Full call number Barcode Date last seen Price effective from Koha item type
        Department of Education Library Department of Education Library 2025-05-08   320.954, RAD EL0075285 2025-05-08 2025-05-08 Textual
Copyright @ Delhi University Library System